Mad about Cuba (Record no. 114428)

MARC details
000 -LEADER
fixed length control field 00426 a2200157 4500
005 - DATE AND TIME OF LATEST TRANSACTION
control field 20260328131646.0
008 - FIXED-LENGTH DATA ELEMENTS--GENERAL INFORMATION
fixed length control field 260220b |||||||| |||| 00| 0 eng d
020 ## - INTERNATIONAL STANDARD BOOK NUMBER
International Standard Book Number 9780143469018
080 ## - UNIVERSAL DECIMAL CLASSIFICATION NUMBER
Universal Decimal Classification number 913(729.1)
Item number ULL/M
100 ## - MAIN ENTRY--PERSONAL NAME
Personal name Ullekh N. P.
245 ## - TITLE STATEMENT
Title Mad about Cuba
Remainder of title : a malayali revisits the revolution
260 ## - PUBLICATION, DISTRIBUTION, ETC. (IMPRINT)
Name of publisher, distributor, etc Penguin books.
Place of publication, distribution, etc India.
Date of publication, distribution, etc 2024.
300 ## - PHYSICAL DESCRIPTION
Extent 223p.
653 ## - INDEX TERM--UNCONTROLLED
Uncontrolled term Geography-Travel-Cuba
942 ## - ADDED ENTRY ELEMENTS (KOHA)
item type Under processing
Holdings
Lost status Source of classification or shelving scheme Not for loan Home library Current library Shelving location Date acquired Cost, normal purchase price Total Checkouts Full call number Barcode Date last seen Cost, replacement price Price effective from Koha item type
  Universal Decimal Classification Not For Loan University Library University Library On Display 27/02/2025 319.20   913(729.1) ULL/M 00096790 27/02/2025 399.00 27/02/2025 Books
University Library, CUSAT